000 00436nam a2200169 4500
005 20260108151823.0
008 260108b |||||||| |||| 00| 0 eng d
020 _a978-81-8328-552-0
041 _aEnglish
082 _aX 158.1 MEU
_bB12134
100 _aMeurisse, Thibaut
_9216234
245 _aMaster Your Emotions
260 _aNew Delhi
_bWisdom Tree
_c2025
300 _ax,210p
_bpb
365 _aRupaye
_b323
_cINR
942 _cBK
999 _c369782
_d369782